[Event "DVM U16 2023"]
[Site "Magdeburg GER"]
[Date "2023.12.29"]
[Round "6"]
[White "Deschler, Arne"]
[Black "Shtompel, Yuriy"]
[Result "1-0"]
[Termination "normal"]
[Board "1.2"]
[WhiteElo "1953"]
[BlackElo "2072"]
[WhiteClock "00:31:15"]
[BlackClock "00:01:08"]
[WhiteTeam "SC Noris-Tarrasch Nürnberg 1873"]
[BlackTeam "SK Doppelbauer Kiel 1910"]
[PlyCount "67"]
[WhiteFideId "16274415"]
[BlackFideId "14168278"]
[EventCountry "GER"]
[EventRounds "7"]
[EventType "team-swiss"]
[EventDate "2023.12.26"]

1. e4 {[%clk 01:30:59]} {[%emt 00:00:02]} c5 {[%clk 01:30:51]} {[%emt
00:00:09]} 2. Nc3 {[%clk 01:31:26]} {[%emt 00:00:04]} d6 {[%clk 01:31:03]}
{[%emt 00:00:17]} 3. g3 {[%clk 01:31:53]} {[%emt 00:00:03]} Nc6 {[%clk
01:30:47]} {[%emt 00:00:46]} 4. Bg2 {[%clk 01:32:18]} {[%emt 00:00:04]} g6
{[%clk 01:31:10]} {[%emt 00:00:08]} 5. d3 {[%clk 01:32:45]} {[%emt 00:00:03]}
Bg7 {[%clk 01:31:34]} {[%emt 00:00:06]} 6. Be3 {[%clk 01:33:11]} {[%emt
00:00:04]} e6 {[%clk 01:31:08]} {[%emt 00:00:56]} 7. Qd2 {[%clk 01:33:37]}
{[%emt 00:00:04]} Nd4 {[%clk 01:30:02]} {[%emt 00:01:36]} 8. Nd1 {[%clk
01:34:01]} {[%emt 00:00:06]} Ne7 {[%clk 01:29:05]} {[%emt 00:01:27]} 9. c3
{[%clk 01:34:15]} {[%emt 00:00:17]} Ndc6 {[%clk 01:29:02]} {[%emt 00:00:32]}
10. Bh6 {[%clk 01:33:07]} {[%emt 00:01:37]} O-O {[%clk 01:27:22]} {[%emt
00:02:11]} 11. h4 {[%clk 01:32:59]} {[%emt 00:00:38]} f6 {[%clk 01:18:13]}
{[%emt 00:09:39]} 12. Bxg7 {[%clk 01:32:10]} {[%emt 00:01:19]} Kxg7 {[%clk
01:18:35]} {[%emt 00:00:07]} 13. h5 {[%clk 01:31:37]} {[%emt 00:01:03]} g5
{[%clk 01:14:27]} {[%emt 00:04:38]} 14. f4 {[%clk 01:28:26]} {[%emt 00:03:41]}
Ng8 {[%clk 00:41:21]} {[%emt 00:33:37]} 15. Ne3 {[%clk 01:24:20]} {[%emt
00:04:35]} Nh6 {[%clk 00:37:35]} {[%emt 00:04:16]} 16. O-O-O {[%clk 01:17:24]}
{[%emt 00:07:25]} Nf7 {[%clk 00:33:37]} {[%emt 00:04:29]} 17. Nf3 {[%clk
01:14:31]} {[%emt 00:03:23]} h6 {[%clk 00:24:29]} {[%emt 00:09:37]} 18. d4
{[%clk 01:08:51]} {[%emt 00:06:12]} cxd4 {[%clk 00:17:16]} {[%emt 00:07:42]}
19. Nxd4 {[%clk 01:09:01]} {[%emt 00:00:21]} Nxd4 {[%clk 00:12:31]} {[%emt
00:05:16]} 20. Qxd4 {[%clk 01:02:55]} {[%emt 00:06:34]} e5 {[%clk 00:06:30]}
{[%emt 00:06:31]} 21. Qd5 {[%clk 00:53:54]} {[%emt 00:34:39]} Qb6 {[%clk
00:05:07]} 22. Nc4 {[%clk 00:43:52]} Qf2 {[%clk 00:04:46]} 23. Rd2 {[%clk
00:44:13]} Qxg3 {[%clk 00:04:39]} 24. f5 {[%clk 00:44:38]} Rd8 {[%clk
00:01:38]} 25. Rh3 {[%clk 00:44:24]} Qe1+ {[%clk 00:01:27]} 26. Kc2 {[%clk
00:43:55]} Bd7 {[%clk 00:01:24]} 27. Qd3 {[%clk 00:42:18]} Qa1 {[%clk
00:00:38]} 28. Kb3 {[%clk 00:39:01]} {[%emt 00:02:39]} d5 {[%clk 00:00:36]}
{[%emt 00:00:32]} 29. exd5 {[%clk 00:35:41]} {[%emt 00:03:49]} e4 {[%clk
00:00:32]} {[%emt 00:00:34]} 30. Qe3 {[%clk 00:34:43]} {[%emt 00:01:27]} b5
{[%clk 00:00:31]} {[%emt 00:00:32]} 31. Na3 {[%clk 00:34:28]} {[%emt 00:00:45]}
b4 {[%clk 00:00:31]} {[%emt 00:00:30]} 32. Rh1 {[%clk 00:31:46]} {[%emt
00:03:11]} Qxh1 {[%clk 00:00:43]} {[%emt 00:00:19]} 33. Bxh1 {[%clk 00:32:12]}
{[%emt 00:00:04]} bxa3 {[%clk 00:01:08]} {[%emt 00:00:05]} 34. Kxa3 {[%clk
00:31:15]} {[%emt 00:01:26]} 1-0

[Event "DVM U16 2023"]
[Site "Magdeburg GER"]
[Date "2023.12.29"]
[Round "6"]
[White "Vollbehr, Bjarne"]
[Black "Danninger, Hugo Kian"]
[Result "1-0"]
[Termination "normal"]
[Board "1.3"]
[WhiteElo "1949"]
[BlackElo "1787"]
[WhiteClock "00:53:45"]
[BlackClock "00:06:48"]
[WhiteTeam "SK Doppelbauer Kiel 1910"]
[BlackTeam "SC Noris-Tarrasch Nürnberg 1873"]
[PlyCount "67"]
[WhiteFideId "34606025"]
[BlackFideId "16271246"]
[EventCountry "GER"]
[EventRounds "7"]
[EventType "team-swiss"]
[EventDate "2023.12.26"]

1. d4 {[%clk 01:30:56]} {[%emt 00:00:02]} e6 {[%clk 01:30:45]} {[%emt
00:00:16]} 2. c4 {[%clk 01:31:22]} {[%emt 00:00:04]} d5 {[%clk 01:31:09]}
{[%emt 00:00:06]} 3. Nf3 {[%clk 01:31:46]} {[%emt 00:00:05]} Nf6 {[%clk
01:31:31]} {[%emt 00:00:08]} 4. g3 {[%clk 01:32:13]} {[%emt 00:00:04]} Be7
{[%clk 01:31:53]} {[%emt 00:00:07]} 5. Bg2 {[%clk 01:32:37]} {[%emt 00:00:06]}
O-O {[%clk 01:32:16]} {[%emt 00:00:07]} 6. O-O {[%clk 01:33:04]} {[%emt
00:00:05]} c6 {[%clk 01:32:41]} {[%emt 00:00:04]} 7. Nbd2 {[%clk 01:32:45]}
{[%emt 00:00:49]} b6 {[%clk 01:32:49]} {[%emt 00:00:22]} 8. b3 {[%clk
01:33:01]} {[%emt 00:00:14]} Bb7 {[%clk 01:33:08]} {[%emt 00:00:10]} 9. Bb2
{[%clk 01:33:20]} {[%emt 00:00:12]} Nbd7 {[%clk 01:33:25]} {[%emt 00:00:12]}
10. Qc2 {[%clk 01:32:53]} {[%emt 00:00:58]} c5 {[%clk 01:33:42]} {[%emt
00:00:13]} 11. Rfd1 {[%clk 01:32:52]} {[%emt 00:00:30]} Rc8 {[%clk 01:33:42]}
{[%emt 00:00:30]} 12. Rac1 {[%clk 01:30:54]} {[%emt 00:02:28]} Re8 {[%clk
01:32:34]} {[%emt 00:01:39]} 13. Qb1 {[%clk 01:30:54]} {[%emt 00:00:30]} dxc4
{[%clk 01:29:54]} {[%emt 00:03:10]} 14. Nxc4 {[%clk 01:31:06]} {[%emt
00:00:18]} b5 {[%clk 01:27:59]} {[%emt 00:02:25]} 15. Nce5 {[%clk 01:31:11]}
{[%emt 00:00:25]} Qb6 {[%clk 01:27:40]} {[%emt 00:00:49]} 16. Ng5 {[%clk
01:28:34]} {[%emt 00:03:07]} Nf8 {[%clk 01:14:56]} {[%emt 00:13:13]} 17. Ngxf7
{[%clk 01:18:11]} {[%emt 00:10:53]} Bxg2 {[%clk 01:11:57]} {[%emt 00:03:30]}
18. Kxg2 {[%clk 01:18:34]} {[%emt 00:00:08]} h6 {[%clk 01:00:45]} {[%emt
00:11:42]} 19. e4 {[%clk 01:14:36]} {[%emt 00:04:25]} Qb7 {[%clk 00:55:14]}
{[%emt 00:06:01]} 20. f3 {[%clk 01:13:36]} {[%emt 00:01:31]} cxd4 {[%clk
00:52:45]} {[%emt 00:02:59]} 21. Bxd4 {[%clk 01:13:13]} {[%emt 00:00:53]} a6
{[%clk 00:41:27]} {[%emt 00:11:49]} 22. b4 {[%clk 01:13:08]} {[%emt 00:00:35]}
Rxc1 {[%clk 00:40:10]} {[%emt 00:01:47]} 23. Rxc1 {[%clk 01:12:57]} {[%emt
00:00:41]} Rc8 {[%clk 00:40:09]} {[%emt 00:00:31]} 24. Bc5 {[%clk 01:13:06]}
{[%emt 00:00:22]} Qc7 {[%clk 00:38:53]} {[%emt 00:01:46]} 25. Qb3 {[%clk
01:10:58]} {[%emt 00:02:37]} Qb7 {[%clk 00:27:08]} {[%emt 00:12:15]} 26. g4
{[%clk 01:07:22]} {[%emt 00:04:06]} N6h7 {[%clk 00:18:30]} {[%emt 00:09:08]}
27. Qe3 {[%clk 00:59:58]} {[%emt 00:07:53]} Qc7 {[%clk 00:17:00]} {[%emt
00:02:00]} 28. Nd3 {[%clk 00:57:58]} {[%emt 00:35:11]} Kxf7 {[%clk 00:06:33]}
29. Bxe7 {[%clk 00:58:16]} Qxc1 30. Nxc1 {[%clk 00:58:37]} Kxe7 {[%clk
00:07:22]} 31. Nd3 {[%clk 00:57:31]} Nd7 {[%clk 00:07:37]} 32. Qa7 {[%clk
00:56:48]} Rc2+ {[%clk 00:06:28]} 33. Kg3 {[%clk 00:56:45]} Rxa2 {[%clk
00:06:48]} 34. Nc5 {[%clk 00:53:45]} 1-0

[Event "DVM U16 2023"]
[Site "Magdeburg GER"]
[Date "2023.12.29"]
[Round "6"]
[White "Ronsin, Corentin"]
[Black "Bräutigam, Katerina"]
[Result "1-0"]
[Termination "normal"]
[Board "1.4"]
[WhiteElo "1642"]
[BlackElo "1845"]
[WhiteClock "00:48:30"]
[BlackClock "00:03:16"]
[WhiteTeam "SC Noris-Tarrasch Nürnberg 1873"]
[BlackTeam "SK Doppelbauer Kiel 1910"]
[PlyCount "107"]
[WhiteFideId "34641742"]
[BlackFideId "16242980"]
[EventCountry "GER"]
[EventRounds "7"]
[EventType "team-swiss"]
[EventDate "2023.12.26"]

1. d4 {[%clk 01:30:57]} {[%emt 00:00:02]} Nf6 {[%clk 01:30:54]} {[%emt
00:00:06]} 2. c4 {[%clk 01:31:10]} {[%emt 00:00:17]} g6 {[%clk 01:31:20]}
{[%emt 00:00:05]} 3. Nc3 {[%clk 01:31:31]} {[%emt 00:00:08]} Bg7 {[%clk
01:31:45]} {[%emt 00:00:06]} 4. e4 {[%clk 01:31:27]} {[%emt 00:00:33]} d6
{[%clk 01:32:10]} {[%emt 00:00:05]} 5. Nf3 {[%clk 01:31:49]} {[%emt 00:00:08]}
O-O {[%clk 01:32:32]} {[%emt 00:00:09]} 6. Be2 {[%clk 01:31:48]} {[%emt
00:00:30]} Bg4 {[%clk 01:32:55]} {[%emt 00:00:08]} 7. Be3 {[%clk 01:29:06]}
{[%emt 00:03:11]} Nfd7 {[%clk 01:33:04]} {[%emt 00:00:22]} 8. O-O {[%clk
01:24:56]} {[%emt 00:04:39]} Nc6 {[%clk 01:31:00]} {[%emt 00:02:34]} 9. h3
{[%clk 01:18:52]} {[%emt 00:06:34]} Bxf3 {[%clk 01:31:20]} {[%emt 00:00:10]}
10. Bxf3 {[%clk 01:19:18]} {[%emt 00:00:04]} e5 {[%clk 01:29:27]} {[%emt
00:02:23]} 11. d5 {[%clk 01:17:07]} {[%emt 00:02:42]} Nd4 {[%clk 01:27:50]}
{[%emt 00:02:07]} 12. Nb5 {[%clk 01:16:56]} {[%emt 00:00:41]} Nxf3+ {[%clk
01:16:00]} {[%emt 00:12:20]} 13. Qxf3 {[%clk 01:17:15]} {[%emt 00:00:11]} a6
{[%clk 01:14:58]} {[%emt 00:01:32]} 14. Nc3 {[%clk 01:17:08]} {[%emt 00:00:36]}
f5 {[%clk 01:14:11]} {[%emt 00:01:17]} 15. b4 {[%clk 01:11:32]} {[%emt
00:06:06]} Qh4 {[%clk 01:03:44]} {[%emt 00:10:57]} 16. Bd2 {[%clk 01:06:11]}
{[%emt 00:05:51]} Rf7 {[%clk 00:55:01]} {[%emt 00:09:13]} 17. Qe2 {[%clk
01:03:41]} {[%emt 00:03:00]} Raf8 {[%clk 00:43:59]} {[%emt 00:11:32]} 18. Kh2
{[%clk 00:58:08]} {[%emt 00:06:02]} Qe7 {[%clk 00:29:37]} {[%emt 00:14:53]} 19.
Rac1 {[%clk 00:57:16]} {[%emt 00:01:23]} f4 {[%clk 00:27:55]} {[%emt 00:02:11]}
20. f3 {[%clk 00:57:14]} {[%emt 00:00:32]} Bf6 {[%clk 00:26:47]} {[%emt
00:01:37]} 21. Be1 {[%clk 00:54:20]} {[%emt 00:03:25]} Bh4 {[%clk 00:25:39]}
{[%emt 00:01:38]} 22. Bxh4 {[%clk 00:54:36]} {[%emt 00:00:13]} Qxh4 {[%clk
00:26:01]} {[%emt 00:00:09]} 23. Qf2 {[%clk 00:55:01]} {[%emt 00:00:05]} Qh6
{[%clk 00:13:58]} {[%emt 00:43:46]} 24. Rc2 {[%clk 00:53:13]} g5 {[%clk
00:11:32]} 25. Na4 {[%clk 00:47:53]} Qg6 {[%clk 00:04:09]} 26. Rfc1 {[%clk
00:46:25]} h5 {[%clk 00:03:22]} 27. c5 {[%clk 00:46:38]} g4 {[%clk 00:03:25]}
28. Kh1 {[%clk 00:45:47]} Rg7 {[%clk 00:01:40]} 29. cxd6 {[%clk 00:45:24]} Qxd6
{[%clk 00:01:14]} 30. Rxc7 {[%clk 00:43:24]} {[%emt 00:00:02]} Qxb4 {[%clk
00:00:55]} {[%emt 00:00:25]} 31. Nc5 {[%clk 00:43:44]} {[%emt 00:00:10]} Nxc5
{[%clk 00:00:45]} {[%emt 00:00:41]} 32. Rxg7+ {[%clk 00:43:25]} {[%emt
00:00:48]} Kxg7 {[%clk 00:01:02]} {[%emt 00:00:14]} 33. Qxc5 {[%clk 00:43:31]}
{[%emt 00:00:23]} Qxc5 {[%clk 00:00:39]} {[%emt 00:00:54]} 34. Rxc5 {[%clk
00:43:56]} {[%emt 00:00:05]} Rf7 {[%clk 00:00:40]} {[%emt 00:00:29]} 35. hxg4
{[%clk 00:38:56]} {[%emt 00:05:30]} hxg4 {[%clk 00:01:04]} {[%emt 00:00:05]}
36. fxg4 {[%clk 00:39:18]} {[%emt 00:00:08]} Kf6 {[%clk 00:01:07]} {[%emt
00:00:27]} 37. Kg1 {[%clk 00:37:02]} {[%emt 00:02:45]} Rg7 {[%clk 00:00:35]}
{[%emt 00:01:03]} 38. Kf2 {[%clk 00:37:05]} {[%emt 00:00:27]} Rd7 {[%clk
00:00:35]} {[%emt 00:00:30]} 39. Kf3 {[%clk 00:37:17]} {[%emt 00:00:17]} Kg5
{[%clk 00:00:41]} {[%emt 00:00:25]} 40. Rc8 {[%clk 00:36:02]} {[%emt 00:01:45]}
Kf6 {[%clk 00:00:33]} {[%emt 00:00:39]} 41. Rf8+ {[%clk 00:35:41]} {[%emt
00:00:49]} Ke7 {[%clk 00:23:37]} {[%emt 00:07:26]} 42. Rf5 {[%clk 01:05:23]}
{[%emt 00:00:48]} Kd6 {[%clk 00:23:58]} {[%emt 00:00:10]} 43. Rf6+ {[%clk
01:05:48]} {[%emt 00:00:05]} Kc5 {[%clk 00:23:59]} {[%emt 00:00:29]} 44. g5
{[%clk 01:03:17]} {[%emt 00:03:00]} Kd4 {[%clk 00:20:52]} {[%emt 00:03:37]} 45.
Re6 {[%clk 00:59:41]} {[%emt 00:04:06]} Rg7 {[%clk 00:14:08]} {[%emt 00:07:15]}
46. g6 {[%clk 00:52:46]} {[%emt 00:07:25]} a5 {[%clk 00:12:58]} {[%emt
00:01:40]} 47. d6 {[%clk 00:51:06]} {[%emt 00:02:10]} b5 {[%clk 00:11:18]}
{[%emt 00:02:11]} 48. Kg4 {[%clk 00:47:03]} {[%emt 00:04:32]} Kxe4 {[%clk
00:10:17]} {[%emt 00:01:31]} 49. Kg5 {[%clk 00:47:28]} {[%emt 00:00:05]} Kd5
{[%clk 00:09:06]} {[%emt 00:01:41]} 50. Re7 {[%clk 00:47:43]} {[%emt 00:00:15]}
Rg8 {[%clk 00:06:08]} {[%emt 00:03:28]} 51. d7 {[%clk 00:47:42]} {[%emt
00:00:31]} Rd8 {[%clk 00:05:12]} {[%emt 00:01:25]} 52. Kf6 {[%clk 00:48:04]}
{[%emt 00:00:08]} Kd6 {[%clk 00:03:23]} {[%emt 00:02:20]} 53. g7 {[%clk
00:48:17]} {[%emt 00:00:16]} Rg8 {[%clk 00:03:16]} {[%emt 00:00:37]} 54. Re8
{[%clk 00:48:30]} {[%emt 00:00:17]} 1-0

[Event "DVM U16 2023"]
[Site "Magdeburg GER"]
[Date "2023.12.29"]
[Round "6"]
[White "Freude, Max"]
[Black "Herter, Arne"]
[Result "1/2-1/2"]
[Termination "normal"]
[Board "2.1"]
[WhiteElo "1902"]
[BlackElo "1992"]
[WhiteClock "00:37:03"]
[BlackClock "00:07:24"]
[WhiteTeam "SV Empor Berlin"]
[BlackTeam "Schachzwerge Magdeburg"]
[PlyCount "66"]
[WhiteFideId "16236157"]
[BlackFideId "16255372"]
[EventCountry "GER"]
[EventRounds "7"]
[EventType "team-swiss"]
[EventDate "2023.12.26"]

1. e4 {[%clk 01:30:57]} {[%emt 00:00:03]} e5 {[%clk 01:30:54]} {[%emt
00:00:06]} 2. Nf3 {[%clk 01:31:17]} {[%emt 00:00:10]} Nc6 {[%clk 01:31:19]}
{[%emt 00:00:06]} 3. d4 {[%clk 01:31:43]} {[%emt 00:00:04]} exd4 {[%clk
01:31:41]} {[%emt 00:00:07]} 4. Bc4 {[%clk 01:32:07]} {[%emt 00:00:06]} Bc5
{[%clk 01:32:06]} {[%emt 00:00:06]} 5. c3 {[%clk 01:32:29]} {[%emt 00:00:08]}
Nf6 {[%clk 01:32:24]} {[%emt 00:00:12]} 6. O-O {[%clk 01:31:43]} {[%emt
00:01:16]} Nxe4 {[%clk 01:30:33]} {[%emt 00:02:21]} 7. cxd4 {[%clk 01:31:47]}
{[%emt 00:00:25]} d5 {[%clk 01:30:31]} {[%emt 00:00:33]} 8. dxc5 {[%clk
01:32:01]} {[%emt 00:00:16]} dxc4 {[%clk 01:30:56]} {[%emt 00:00:05]} 9. Qe2
{[%clk 01:31:58]} {[%emt 00:00:33]} Qd3 {[%clk 01:31:00]} {[%emt 00:00:26]} 10.
Re1 {[%clk 01:32:20]} {[%emt 00:00:07]} f5 {[%clk 01:27:58]} {[%emt 00:03:32]}
11. Nc3 {[%clk 01:32:34]} {[%emt 00:00:16]} O-O {[%clk 01:25:03]} {[%emt
00:03:25]} 12. Nxe4 {[%clk 01:30:00]} {[%emt 00:03:05]} fxe4 {[%clk 01:24:59]}
{[%emt 00:00:34]} 13. Qxe4 {[%clk 01:30:24]} {[%emt 00:00:06]} Bf5 {[%clk
01:17:21]} {[%emt 00:08:07]} 14. Qh4 {[%clk 01:29:38]} {[%emt 00:01:17]} Rae8
{[%clk 01:12:33]} {[%emt 00:05:17]} 15. Rxe8 {[%clk 01:21:22]} {[%emt
00:08:47]} Rxe8 {[%clk 01:12:53]} {[%emt 00:00:10]} 16. Be3 {[%clk 01:20:28]}
{[%emt 00:01:23]} Qe2 {[%clk 00:55:25]} {[%emt 00:17:58]} 17. Re1 {[%clk
01:14:33]} {[%emt 00:06:25]} Qxb2 {[%clk 00:47:51]} {[%emt 00:08:04]} 18. Qxc4+
{[%clk 01:14:23]} {[%emt 00:00:40]} Be6 {[%clk 00:46:51]} {[%emt 00:01:31]} 19.
Bc1 {[%clk 01:05:51]} {[%emt 00:09:02]} Qb4 {[%clk 00:44:07]} {[%emt 00:03:14]}
20. Qxb4 {[%clk 00:58:44]} {[%emt 00:07:37]} Nxb4 {[%clk 00:44:34]} {[%emt
00:00:02]} 21. Ng5 {[%clk 00:57:20]} {[%emt 00:01:55]} Nxa2 {[%clk 00:39:36]}
{[%emt 00:05:28]} 22. Bf4 {[%clk 00:53:19]} {[%emt 00:04:30]} Bf7 {[%clk
00:38:18]} {[%emt 00:01:48]} 23. Rxe8+ {[%clk 00:53:32]} {[%emt 00:00:19]} Bxe8
{[%clk 00:38:46]} {[%emt 00:00:01]} 24. Bxc7 {[%clk 00:53:51]} {[%emt
00:00:10]} Nc3 {[%clk 00:37:16]} {[%emt 00:02:00]} 25. Ne6 {[%clk 00:49:30]}
{[%emt 00:04:52]} Na4 {[%clk 00:26:47]} {[%emt 00:10:58]} 26. Bd6 {[%clk
00:44:48]} {[%emt 00:36:31]} Bf7 {[%clk 00:20:04]} 27. Nd4 {[%clk 00:44:18]}
Nb2 {[%clk 00:14:07]} 28. c6 {[%clk 00:40:56]} bxc6 29. Nxc6 {[%clk 00:41:24]}
Nc4 {[%clk 00:11:18]} 30. Bb4 {[%clk 00:40:27]} a6 {[%clk 00:10:40]} 31. Ne7+
{[%clk 00:37:29]} Kf8 {[%clk 00:08:21]} {[%emt 00:00:03]} 32. Nd5+ {[%clk
00:36:38]} {[%emt 00:01:13]} Kg8 {[%clk 00:07:24]} {[%emt 00:01:27]} 33. Ne7+
{[%clk 00:37:03]} {[%emt 00:00:06]} Kf8 {[%clk 00:07:24]} {[%emt 00:00:30]}
1/2-1/2

[Event "DVM U16 2023"]
[Site "Magdeburg GER"]
[Date "2023.12.29"]
[Round "6"]
[White "Stein, Theodor"]
[Black "Pohle, Saskia"]
[Result "1/2-1/2"]
[Termination "normal"]
[Board "2.3"]
[WhiteElo "1700"]
[BlackElo "1787"]
[WhiteClock "00:29:02"]
[BlackClock "00:13:32"]
[WhiteTeam "SV Empor Berlin"]
[BlackTeam "Schachzwerge Magdeburg"]
[PlyCount "114"]
[WhiteFideId "34602801"]
[BlackFideId "16201604"]
[EventCountry "GER"]
[EventRounds "7"]
[EventType "team-swiss"]
[EventDate "2023.12.26"]

1. g3 {[%clk 01:30:57]} {[%emt 00:00:02]} Nf6 {[%clk 01:30:35]} {[%emt
00:00:25]} 2. Bg2 {[%clk 01:31:22]} {[%emt 00:00:05]} e6 {[%clk 01:30:53]}
{[%emt 00:00:13]} 3. Nf3 {[%clk 01:31:46]} {[%emt 00:00:05]} d5 {[%clk
01:30:36]} {[%emt 00:00:47]} 4. d3 {[%clk 01:32:12]} {[%emt 00:00:05]} c5
{[%clk 01:28:42]} {[%emt 00:02:24]} 5. O-O {[%clk 01:32:27]} {[%emt 00:00:14]}
Be7 {[%emt 00:10:13]} 6. c3 {[%clk 01:17:34]} {[%emt 00:06:48]} Nc6 {[%emt
00:06:26]} 7. Qc2 {[%emt 00:06:32]} e5 {[%clk 01:16:57]} 8. e4 {[%clk
01:13:17]} {[%emt 00:03:55]} d4 {[%clk 01:16:30]} {[%emt 00:00:57]} 9. c4
{[%clk 01:09:07]} {[%emt 00:04:40]} O-O {[%clk 01:14:36]} {[%emt 00:02:24]} 10.
Ne1 {[%clk 01:07:34]} {[%emt 00:02:03]} a6 {[%clk 01:02:22]} {[%emt 00:12:44]}
11. f4 {[%clk 01:06:25]} {[%emt 00:01:39]} b5 {[%clk 00:58:43]} {[%emt
00:04:08]} 12. b3 {[%clk 01:03:45]} {[%emt 00:03:11]} Qb6 {[%clk 00:53:03]}
{[%emt 00:06:11]} 13. f5 {[%clk 00:59:52]} {[%emt 00:04:22]} Bd7 {[%clk
00:44:37]} {[%emt 00:08:56]} 14. Qe2 {[%clk 00:59:01]} {[%emt 00:01:21]} Ne8
{[%clk 00:36:11]} {[%emt 00:08:56]} 15. g4 {[%clk 00:57:47]} {[%emt 00:01:44]}
g5 {[%clk 00:32:32]} {[%emt 00:04:09]} 16. h4 {[%clk 00:52:33]} {[%emt
00:05:45]} f6 {[%clk 00:28:16]} {[%emt 00:04:46]} 17. hxg5 {[%clk 00:50:50]}
{[%emt 00:02:12]} fxg5 {[%clk 00:28:33]} {[%emt 00:00:12]} 18. Nf3 {[%clk
00:50:46]} {[%emt 00:00:35]} h6 {[%clk 00:27:48]} {[%emt 00:01:16]} 19. Bh1
{[%clk 00:50:17]} {[%emt 00:00:59]} Bf6 {[%clk 00:24:29]} {[%emt 00:03:49]} 20.
Qh2 {[%clk 00:44:43]} {[%emt 00:06:03]} Kg7 {[%clk 00:19:46]} {[%emt 00:34:56]}
21. Rf2 {[%clk 00:39:49]} Rh8 {[%clk 00:17:09]} 22. Nbd2 {[%clk 00:38:04]} Nd6
{[%clk 00:13:02]} 23. Nf1 {[%clk 00:35:23]} Rag8 {[%clk 00:11:18]} 24. Ng3
{[%clk 00:34:15]} Be8 {[%clk 00:11:30]} 25. Ne1 {[%clk 00:27:49]} {[%emt
00:00:03]} Kf8 {[%clk 00:10:07]} {[%emt 00:01:46]} 26. Bf3 {[%clk 00:20:45]}
{[%emt 00:07:35]} Bf7 {[%clk 00:07:12]} {[%emt 00:03:24]} 27. Bd1 {[%clk
00:20:23]} {[%emt 00:00:51]} b4 {[%clk 00:04:46]} {[%emt 00:02:56]} 28. a3
{[%clk 00:19:11]} {[%emt 00:01:43]} Nb7 {[%clk 00:04:17]} {[%emt 00:01:00]} 29.
Rfa2 {[%clk 00:07:13]} {[%emt 00:12:28]} a5 {[%clk 00:04:25]} {[%emt 00:00:22]}
30. a4 {[%clk 00:05:45]} {[%emt 00:01:57]} Ke7 {[%clk 00:04:30]} {[%emt
00:00:26]} 31. Kf1 {[%clk 00:05:26]} {[%emt 00:00:49]} Nd6 {[%clk 00:04:07]}
{[%emt 00:00:53]} 32. Qh1 {[%clk 00:05:18]} {[%emt 00:00:38]} Rh7 {[%clk
00:03:45]} {[%emt 00:00:52]} 33. Rh2 {[%clk 00:05:20]} {[%emt 00:00:28]} Rgh8
{[%clk 00:04:05]} {[%emt 00:00:10]} 34. Nh5 {[%clk 00:05:00]} {[%emt 00:00:49]}
Bxh5 {[%clk 00:03:35]} {[%emt 00:01:00]} 35. Rxh5 {[%clk 00:05:23]} {[%emt
00:00:07]} Nf7 {[%clk 00:03:40]} {[%emt 00:00:25]} 36. Ra2 {[%clk 00:05:30]}
{[%emt 00:00:23]} Qb8 {[%clk 00:03:20]} {[%emt 00:00:49]} 37. Rah2 {[%clk
00:05:40]} {[%emt 00:00:21]} Qg8 {[%clk 00:03:36]} {[%emt 00:00:14]} 38. R2h3
{[%clk 00:05:58]} {[%emt 00:00:13]} Nb8 {[%clk 00:02:38]} {[%emt 00:01:27]} 39.
Nf3 {[%clk 00:06:08]} {[%emt 00:00:20]} Nd7 {[%clk 00:02:47]} {[%emt 00:00:21]}
40. Qh2 {[%clk 00:05:33]} {[%emt 00:01:05]} Qg7 {[%clk 00:02:54]} {[%emt
00:00:23]} 41. Ke2 {[%clk 00:01:46]} {[%emt 00:04:17]} Kd8 {[%clk 00:28:18]}
{[%emt 00:05:06]} 42. Bd2 {[%clk 00:30:57]} {[%emt 00:01:19]} Kc8 {[%clk
00:25:23]} {[%emt 00:03:26]} 43. Be1 {[%clk 00:30:51]} {[%emt 00:00:36]} Qf8
{[%clk 00:23:10]} {[%emt 00:02:42]} 44. Kd2 {[%clk 00:30:13]} {[%emt 00:01:08]}
Qe7 {[%clk 00:22:58]} {[%emt 00:00:42]} 45. Kc2 {[%clk 00:30:29]} {[%emt
00:00:14]} Kb7 {[%clk 00:20:50]} {[%emt 00:02:38]} 46. Qh1 {[%clk 00:30:16]}
{[%emt 00:00:43]} Kb6 {[%clk 00:19:54]} {[%emt 00:01:26]} 47. Nd2 {[%clk
00:30:39]} {[%emt 00:00:07]} Rc8 {[%clk 00:17:29]} {[%emt 00:02:55]} 48. Rh2
{[%clk 00:30:41]} {[%emt 00:00:28]} Rhh8 {[%clk 00:17:21]} {[%emt 00:00:38]}
49. Nf1 {[%clk 00:30:16]} {[%emt 00:00:55]} Bg7 {[%clk 00:16:50]} {[%emt
00:01:01]} 50. Ng3 {[%clk 00:30:00]} {[%emt 00:00:46]} Nf6 {[%clk 00:16:10]}
{[%emt 00:01:10]} 51. R5h3 {[%clk 00:29:46]} {[%emt 00:00:43]} Rcd8 {[%clk
00:16:09]} {[%emt 00:00:31]} 52. Rf2 {[%clk 00:29:25]} {[%emt 00:00:52]} Rhf8
{[%clk 00:14:35]} {[%emt 00:02:05]} 53. Bd2 {[%clk 00:29:33]} {[%emt 00:00:22]}
Rc8 {[%clk 00:14:12]} {[%emt 00:00:53]} 54. Nh5 {[%clk 00:29:47]} {[%emt
00:00:16]} Nxh5 {[%clk 00:14:20]} {[%emt 00:00:22]} 55. Rxh5 {[%clk 00:29:27]}
{[%emt 00:00:49]} Bf6 {[%clk 00:13:52]} {[%emt 00:00:58]} 56. Rfh2 {[%clk
00:28:54]} {[%emt 00:01:02]} Rh8 {[%clk 00:13:35]} {[%emt 00:00:47]} 57. Kc1
{[%clk 00:29:02]} {[%emt 00:00:23]} Rcg8 {[%clk 00:13:32]} {[%emt 00:00:32]}
1/2-1/2